<?xml version="1.0" encoding="UTF-8"?>
<record
    xmlns:xsi="http://www.w3.org/2001/XMLSchema-instance"
    xsi:schemaLocation="http://www.loc.gov/MARC21/slim http://www.loc.gov/standards/marcxml/schema/MARC21slim.xsd"
    xmlns="http://www.loc.gov/MARC21/slim">

  <leader>01190nam a22002177a 4500</leader>
  <datafield tag="999" ind1=" " ind2=" ">
    <subfield code="c">93351</subfield>
    <subfield code="d">93351</subfield>
  </datafield>
  <controlfield tag="003">NALT</controlfield>
  <controlfield tag="005">20210610171136.0</controlfield>
  <controlfield tag="008">170816b        th ||||| |||| 00| 0 tha d</controlfield>
  <datafield tag="020" ind1=" " ind2=" ">
    <subfield code="a">9786163202482</subfield>
  </datafield>
  <datafield tag="040" ind1=" " ind2=" ">
    <subfield code="a">NALT</subfield>
  </datafield>
  <datafield tag="050" ind1=" " ind2=" ">
    <subfield code="a">DF 234 </subfield>
    <subfield code="b">&#xE14;193&#xE2D; 2560</subfield>
  </datafield>
  <datafield tag="100" ind1="0" ind2=" ">
    <subfield code="a">&#xE14;&#xE27;&#xE07;&#xE18;&#xE34;&#xE14;&#xE32; &#xE23;&#xE32;&#xE40;&#xE21;&#xE28;&#xE27;&#xE23;&#xE4C;</subfield>
    <subfield code="9">12436</subfield>
  </datafield>
  <datafield tag="245" ind1="1" ind2="0">
    <subfield code="a">&#xE2D;&#xE40;&#xE25;&#xE47;&#xE01;&#xE0B;&#xE32;&#xE19;&#xE40;&#xE14;&#xE2D;&#xE23;&#xE4C;&#xE21;&#xE2B;&#xE32;&#xE23;&#xE32;&#xE0A; :</subfield>
    <subfield code="b">&#xE01;&#xE29;&#xE31;&#xE15;&#xE23;&#xE34;&#xE22;&#xE4C;&#xE19;&#xE31;&#xE01;&#xE23;&#xE1A;&#xE1C;&#xE39;&#xE49;&#xE22;&#xE34;&#xE48;&#xE07;&#xE43;&#xE2B;&#xE0D;&#xE48;&#xE01;&#xE31;&#xE1A;&#xE01;&#xE23;&#xE35;&#xE01;&#xE43;&#xE19;&#xE22;&#xE38;&#xE04;&#xE2A;&#xE21;&#xE31;&#xE22;&#xE02;&#xE2D;&#xE07;&#xE1E;&#xE23;&#xE30;&#xE2D;&#xE07;&#xE04;&#xE4C; / </subfield>
    <subfield code="c">&#xE40;&#xE23;&#xE35;&#xE22;&#xE1A;&#xE40;&#xE23;&#xE35;&#xE22;&#xE07; &#xE14;&#xE27;&#xE07;&#xE18;&#xE34;&#xE14;&#xE32; &#xE23;&#xE32;&#xE40;&#xE21;&#xE28;&#xE27;&#xE23;&#xE4C;.</subfield>
  </datafield>
  <datafield tag="246" ind1="1" ind2="4">
    <subfield code="a">&#xE2D;&#xE40;&#xE25;&#xE47;&#xE01;&#xE0B;&#xE32;&#xE19;&#xE40;&#xE14;&#xE2D;&#xE23;&#xE4C;&#xE21;&#xE2B;&#xE32;&#xE23;&#xE32;&#xE0A; :</subfield>
    <subfield code="b">&#xE01;&#xE29;&#xE31;&#xE15;&#xE23;&#xE34;&#xE22;&#xE4C;&#xE19;&#xE31;&#xE01;&#xE23;&#xE1A;&#xE1C;&#xE39;&#xE49;&#xE22;&#xE34;&#xE48;&#xE07;&#xE43;&#xE2B;&#xE0D;&#xE48;</subfield>
  </datafield>
  <datafield tag="260" ind1=" " ind2=" ">
    <subfield code="a">&#xE01;&#xE23;&#xE38;&#xE07;&#xE40;&#xE17;&#xE1E;&#xE2F; :</subfield>
    <subfield code="b">&#xE01;&#xE2D;&#xE41;&#xE01;&#xE49;&#xE27;,</subfield>
    <subfield code="c">2560.</subfield>
  </datafield>
  <datafield tag="600" ind1="1" ind2="4">
    <subfield code="9">22666</subfield>
    <subfield code="a">&#xE2D;&#xE40;&#xE25;&#xE47;&#xE01;&#xE0B;&#xE32;&#xE19;&#xE40;&#xE14;&#xE2D;&#xE23;&#xE4C;&#xE21;&#xE2B;&#xE32;&#xE23;&#xE32;&#xE0A;, </subfield>
    <subfield code="c">&#xE1E;&#xE23;&#xE30;&#xE40;&#xE08;&#xE49;&#xE32;, </subfield>
    <subfield code="d">&#xE04;.&#xE28;. 188-220</subfield>
  </datafield>
  <datafield tag="651" ind1=" " ind2="4">
    <subfield code="9">12437</subfield>
    <subfield code="a">&#xE01;&#xE23;&#xE35;&#xE0B; </subfield>
    <subfield code="x">&#xE1B;&#xE23;&#xE30;&#xE27;&#xE31;&#xE15;&#xE34;&#xE28;&#xE32;&#xE2A;&#xE15;&#xE23;&#xE4C; </subfield>
  </datafield>
  <datafield tag="850" ind1=" " ind2=" ">
    <subfield code="a">NALT</subfield>
  </datafield>
  <datafield tag="942" ind1=" " ind2=" ">
    <subfield code="2">lcc</subfield>
    <subfield code="c">GB</subfield>
  </datafield>
  <datafield tag="998" ind1=" " ind2=" ">
    <subfield code="a">phon</subfield>
    <subfield code="b">phon</subfield>
    <subfield code="c">phon</subfield>
    <subfield code="j">109</subfield>
    <subfield code="k"> &#xE2D;&#xE32;&#xE23;&#xE35;&#xE23;&#xE31;&#xE15;&#xE19;&#xE4C; &#xE27;&#xE34;&#xE0A;&#xE32;&#xE0A;&#xE48;&#xE32;&#xE07;</subfield>
  </datafield>
  <datafield tag="952" ind1=" " ind2=" ">
    <subfield code="0">0</subfield>
    <subfield code="1">0</subfield>
    <subfield code="2">lcc</subfield>
    <subfield code="4">0</subfield>
    <subfield code="7">0</subfield>
    <subfield code="8">CGBL</subfield>
    <subfield code="a">NALT</subfield>
    <subfield code="b">NALT</subfield>
    <subfield code="d">2017-08-16</subfield>
    <subfield code="l">0</subfield>
    <subfield code="o">DF 234  &#xE14;193&#xE2D; 2560</subfield>
    <subfield code="p">3961206851</subfield>
    <subfield code="r">2017-08-23 00:00:00</subfield>
    <subfield code="w">2017-08-16</subfield>
    <subfield code="y">GB</subfield>
  </datafield>
</record>
